000 00653nam a2200217Ia 4500
003 GCL
008 140319s9999 xx 000 0 ara d
040 _aGCL /
_cGCL
082 0 4 _a027.4
_bم م
100 1 _aماسون, اندرية
245 1 0 _aالمكتبات العامة /
_cماسون, اندرية
700 1 _aلفان، يولا
700 1 _aنجيب نعيم الحجار
260 _a[S.N] :
_bمنشورات عويدان ،
_c1983
300 _a175 ص
490 _aزدنى علما
_v0
650 0 4 _aالخدمة المكتبية
650 0 4 _aالمكتبات العامة
650 0 4 _aالمكتبات
942 _2ddc
_cBK
999 _c36145
_d36145